THE COMPLETE REFERENCE VISUAL BASIC-6 (Record no. 10936)

MARC details
000 -LEADER
fixed length control field 00242nam a22001097a 4500
003 - CONTROL NUMBER IDENTIFIER
control field SGT
082 ## - DEWEY DECIMAL CLASSIFICATION NUMBER
Classification number 005.268,JER
100 ## - MAIN ENTRY--PERSONAL NAME
Personal name JERKE,NOEL.
245 ## - TITLE STATEMENT
Title THE COMPLETE REFERENCE VISUAL BASIC-6
260 ## - PUBLICATION, DISTRIBUTION, ETC. (IMPRINT)
Place of publication, distribution, etc NEW DELHI
Name of publisher, distributor, etc TMH
Year of Publication 2013
942 ## - ADDED ENTRY ELEMENTS (KOHA)
Source of classification or shelving scheme Dewey Decimal Classification
Koha item type CDs & DVDs
Holdings
Withdrawn status Lost status Source of classification or shelving scheme Damaged status Not for loan Collection code Home library Current library Shelving location Date acquired Vendor Name Cost, normal purchase price SGTU Bill Number Total Checkouts Full call number Accession No. (Barcode) Date last seen Bill Date Koha item type
    Dewey Decimal Classification     SCIENCE SGT Science & Social Sciences Library SGT Science & Social Sciences Library On Display 15/02/2017 KRITI PRAKASHAN 525.00 SGTU 2947   005.268,JER PSCD93 15/02/2017 19/09/2015 CDs & DVDs